| 000 | 00865nam a2200217 a 4500 | ||
|---|---|---|---|
| 001 | 000028335 | ||
| 005 | 20200930031542.0 | ||
| 008 | 110408s1985 dr 000 0 spa d | ||
| 040 |
_aDO-SdBNP _bspa _cBNPHU |
||
| 082 |
_axxx _bR666p |
||
| 100 | 1 |
_aRobles Cid, Diomedes _9240 |
|
| 245 | 1 | 3 |
_aLa planificación económica y de la salud en América Latina y su relación con la atención primaria en salud / _cDiomedes Robles Cid. |
| 260 |
_aSanto Domingo : _bEditora Universitaria, _c1985. |
||
| 300 |
_a21 p. ; _c21 cm. |
||
| 490 | 1 |
_aPublicaciones de la Universiadad Autónoma de Santo Domingo _v450 |
|
| 490 | 1 |
_aSalud y Sociedad _v7 |
|
| 504 | _aIncluye referencias bibliográficas y notas al pie de las páginas. | ||
| 830 | 0 |
_aPublicaciones de la Universiadad Autónoma de Santo Domingo _v450 _955314 |
|
| 830 | 0 |
_aSalud y Sociedad _v7 _913999 |
|
| 049 | _aBNPD | ||
| 999 |
_c27827 _d27827 |
||